000 00561nam a2200181Ia 4500
001 20727
005 20260306172827.0
008 260306t2022||||xx |||||||||||||| ||spa||
041 _aESP
082 _a343.7
_bM86R
100 _aMorón Urbina, Juan Carlos
_eAUT
245 0 _aEl recurso ante tribunales especiales en materia de contratación pública:
_binstrumento participativo para preservar la integridad en las compras públicas
260 _c2022
300 _a528 páginas :
_c21 cm.
650 _aGEN
654 _aCDE
942 _cLIB
_dJUS
_fJUS
_2ddc
_n
999 _c20727
_d20727